| 000 | 01210nam0a22002891 4500 | ||
|---|---|---|---|
| 001 | v19\rc\1693899 | ||
| 005 | 20250619024536.0 | ||
| 035 | _a(NLR Aleph) 004797139 | ||
| 090 |
_a4790466 _c4790466 |
||
| 100 | _a20061002d1897 |||y0rusy50 ca | ||
| 101 | 0 | _arus | |
| 102 | _aRU | ||
| 105 | _ay z ||||| | ||
| 200 | 1 |
_aАрифметика _eПлан преподавания из курса 1 и 2 кл. _fСост. Петр Олиферов |
|
| 210 |
_aКутаис _cтип. Зедгинидзе и Перадзе _d1897 |
||
| 215 |
_a16 с. _d21 |
||
| 300 | _aВо 2-м изд. загл.: План преподавания арифметики для сельских и церковно-приходских школ и для взрослых | ||
| 517 | 0 | _aПлан преподавания арифметики для сельских и церковно-приходских школ и для взрослых | |
| 700 | 1 |
_aОлиферов _bП.А. _gПетр Афанасьевич _4220 |
|
| 801 | 0 |
_aRU _bNLR _gpsbo |
|
| 801 | 0 |
_aRU _bRuMoRGB _2psbo |
|
| 801 | 1 |
_aRU _bProSoft-M _2rusmarc |
|
| 852 |
_aNLR _j20.97.4.231 |
||
| 899 |
_aRuMoRGB _jT 4/465 |
||
| 899 | _aБАН | ||
| 942 | _cBOOK | ||
| 980 | _aNB | ||